ბათუმის შოთა რუსთაველის სახელმწიფო უნივერსიტეტის ბიბლიოთეკა

აჭარის ფაუნის ნუსხა=The Faunal List of Adjara / (ბიბ.ჩანაწერი № 37733)

000 -ლიდერი
ფიქსირებული სიგრძის საკონტროლო ველი 01686nam a2200289Ia 4500
001 - საკონტროლო ნომერი
საკონტროლო ველი 3708
003 - საკონტროლო ნომრის იდენტიფიკატორი
საკონტროლო ველი GE_BSU
005 - ბოლო ოპერაციის თარიღი და დრო
საკონტროლო ველი 20190619212727.0
008 - ფიქსირებული სიგრძის მონაცემთა ელემენტები - ზოგადი ინფორმაცია
ფიქსირებული სიგრძის საკონტროლო ველი 181216s2012||||ge |||||||||||||| ||geo||
040 ## - კატალოგიზაციის წყარო
Transcribing agency GE_BSU
041 ## - ენის კოდი
Language code of text/sound track or separate title geo
080 ## - უნივერსალური ათობითი კლასიფიკაციის ინდექსი
Universal Decimal Classification number 591.9(479.223) ა–95
245 ## - ცნობა სათაურის შესახებ
Title აჭარის ფაუნის ნუსხა=The Faunal List of Adjara /
Statement of responsibility, etc ილიას სახელმწ. უნ-ტის ზოოლოგიის ინ-ტი ; [პროექტის შემსრულებლები: ა. ბუხნიკაშვილი, ერ. ყვავაძე, ი. ელიავა [და სხვ.] ; გამოც. რედ. ნ. ბელთაძე
264 ## - წარმოების, გამოცემის, დისტრიბუციის და სხვა ცნობები
გამოცემის, წარმოების, დისტრიბუციის... ადგილი თბილისი :
გამოცემის, წარმოების, დისტრიბუციის... სახელწოდება კონტური,
გამოცემის, წარმოების, დისტრიბუციის... თარიღი 2012.
300 ## - ფიზიკური აღწერა
Extent 259 გვ.;
Other physical details 28 სმ.
653 ## - INDEX TERM--UNCONTROLLED
Uncontrolled term აჭარის ფაუნა
653 ## - INDEX TERM--UNCONTROLLED
Uncontrolled term აჭარის ცხოველთა სამყარო
700 ## - ADDED ENTRY--PERSONAL NAME
Personal name ბუხნიკაშვილი, ა.
Relator term რედაქტორი
9 (RLIN) 2641
700 ## - ADDED ENTRY--PERSONAL NAME
Personal name ყვავაძე, ერ.
Relator term შემდგენელი
9 (RLIN) 2642
700 ## - ADDED ENTRY--PERSONAL NAME
Personal name ელიავა, ი.
Relator term შემდგენელი
9 (RLIN) 2643
700 ## - ADDED ENTRY--PERSONAL NAME
Personal name ნატრაძე, ი.
Relator term შემდგენელი
9 (RLIN) 2644
700 ## - ADDED ENTRY--PERSONAL NAME
Personal name კანდაუროვი, ა.
Relator term შემდგენელი
9 (RLIN) 2645
700 ## - ADDED ENTRY--PERSONAL NAME
Personal name ბელთაძე, ნ.
Relator term შემდგ.-რედ.
9 (RLIN) 2646
700 ## - ADDED ENTRY--PERSONAL NAME
Personal name ბეგელაური, ხ.
Relator term შემდგენელი
9 (RLIN) 2647
710 ## - ADDED ENTRY--CORPORATE NAME
Corporate name or jurisdiction name as entry element ილიას სახელმწ. უნ-ტი.
Subordinate unit ზოოლოგიის ინ-ტი
9 (RLIN) 2648
942 ## - ADDED ENTRY ELEMENTS (KOHA)
Koha item type წიგნი
Source of classification or shelving scheme
ეგზემპლარები
ჩამოწერის სტატუსი დაკარგული ეგზემპლარის სტატუსი კლასიფიკაციის წყარო ან თაროზე გაწყობის სქემა დაზიანების სტატუსი არ გაიცემა მუდმივი მდებარეობა (დაცვის ადგილი) ამჟამინდელი ადგილსამყოფელი თაროზე განთავსების ადგილი შეძენის თარიღი სრული შენახვის შიფრი შტრიხკოდი ბოლო ოპერაციის თარიღი ეგზემპლარის მიმდევრობითი ნომერი (კეტერი?) ფასის ძალაში შესვლის თარიღი ეგზემპლარის სახეობა საჯარო შენიშვნა
          ბათუმის შოთა რუსთაველის სახელმწიფო უნივერსიტეტის მთავარი ბიბლიოთეკა ბათუმის შოთა რუსთაველის სახელმწიფო უნივერსიტეტის მთავარი ბიბლიოთეკა წიგნსაცავი 2018-12-17 591.9(479.223) ა–95 5034 2018-12-17 5034 2018-12-17 წიგნი